Countries that Have Diplomatic Relation with Cook Islands and Niue - Statistics

General Stats
  • This quiz has been taken 51 times
  • The average score is 32 of 52
Answer Stats
Note Country % Correct
Both Australia
92%
Both Japan
86%
Both New Zealand
86%
Both China
83%
Both France
78%
Both Fiji
75%
Both India
75%
Both Indonesia
75%
C Marshall Islands
75%
Both Papua New Guinea
75%
Both Samoa
75%
C Spain
75%
C Germany
72%
C Micronesia
72%
Both Nauru
72%
C Tonga
72%
Both Italy
69%
C Palau
69%
C Solomon Islands
67%
C South Korea
67%
C Tuvalu
67%
C Vanuatu
67%
Both Malaysia
64%
C Portugal
64%
Both Singapore
64%
C Belgium
61%
C Kiribati
61%
C Netherlands
61%
C South Africa
61%
Both Brazil
58%
Both Chile
58%
Both Israel
58%
C Philippines
58%
C Switzerland
58%
Both Thailand
58%
Both Turkey
58%
C Greece
56%
Both Peru
56%
C East Timor
53%
C Norway
53%
C Vatican City
53%
C United Arab Emirates
50%
C Iran
47%
Both Cuba
44%
C Czech Republic
36%
C Estonia
36%
C Iceland
36%
C Jamaica
36%
Both Kosovo
36%
C Malta
36%
C Antigua and Barbuda
22%
C Bosnia and Herzegovina
17%
No matching quizzes found
Score Distribution
Percent of People with Each Score
Percentile by Number Answered
Your Score History
You have not taken this quiz